Estadísticas para Jugadores con más partidos en el Granada Club de Fútbol

Haz click aquí para intentar la prueba.

Estadísticas generales

  • Esta prueba ha sido intentada 13 veces
  • La puntuación promedio es 3 de 11

Estadísticas de respuestas

PartidosNacionaliadJugador% Correcto
250EspañaAntonio Puertas
100%
168FranciaDimitri Foulquier
50%
150EspañaCarlos Neva
33%
220CamerúnAllan Nyom
17%
156VenezuelaDarwin Machís
17%
171EspañaDiego Maínz
17%
168EspañaGermán Sánchez
17%
203EspañaVíctor Díaz
17%
140EspañaÁngel Montoro
0%
143EspañaQuini
0%
140EspañaRoberto Fernández
0%

Distribución de puntuación

Porcentaje por número respondido

Porcentaje de gente con cada puntuación

Historial de tus puntuaciones

No has intentado esta prueba.